00225nam a22001097a 4500003000400000020001800004082001300022100001800035245002800053260002600081300000800107SGT a9781138632097 a747bSCH aSCHELL JESSE  aTHE ART OF GAME DESIGN  aUK bCRC PRESS c2020 a610